00301pab a2200121 454500008004000000100001700040245003600057260000900093300001300102362001000115650002000125773003400145180718b2009 xxu||||| |||| 00| 0 eng d aDutt, Gautam aA climate agreement beyond 2012 c2009 ap.39-49. a7 Nov aClimatic change aEconomic and Political Weekly